[Event "Reykjavik op"]
[Site "Reykjavik"]
[Date "2024.03.18"]
[Round "5"]
[White "Arnalds, Stefan"]
[Black "Gulbinski, Michal"]
[Result "1/2-1/2"]
[WhiteElo "1876"]
[BlackElo "1671"]
[PlyCount "79"]
[EventDate "2024.03.15"]
[EventType "swiss"]
[EventRounds "9"]
[EventCountry "ISL"]
[SourceTitle "CB13_2024"]
[SourceDate "2024.03.27"]
[SourceVersion "1"]
[SourceVersionDate "2024.03.27"]
[SourceQuality "1"]

1. d4 d5 2. Nf3 Nf6 3. g3 Bf5 4. Bg2 e6 5. Nh4 Be4 6. f3 Bg6 7. Nxg6 hxg6 8. c4 c6 9. b3 Bb4+ 10. Bd2 Be7 11. e3 Nbd7 12. Qe2 Qb6 13. c5 Qc7 14. 0-0 0-0 15. Nc3 e5 16. b4 exd4 17. exd4 Rfe8 18. Qf2 b5 19. a4 a6 20. Ra3 Qb7 21. Rfa1 Nf8 22. Nd1 Ne6 23. axb5 axb5 24. Bc3 Rxa3 25. Rxa3 Ra8 26. Qa2 Rxa3 27. Qxa3 Nd7 28. Bh3 Ndf8 29. Nf2 Bf6 30. Qa1 Ng5 31. Bg2 Qe7 32. h4 Nge6 33. Ng4 Qc7 34. Bd2 Bd8 35. Qa6 f6 36. Bh3 Kf7 37. Kg2 Nd7 38. Nf2 f5 39. Nd3 Bf6 40. Qa1 1/2-1/2

[Event "Reykjavik op"]
[Site "Reykjavik"]
[Date "2024.03.16"]
[Round "3"]
[White "Abbott, James M"]
[Black "Gulbinski, Michal"]
[Result "1/2-1/2"]
[WhiteElo "1852"]
[BlackElo "1671"]
[PlyCount "48"]
[EventDate "2024.03.15"]
[EventType "swiss"]
[EventRounds "9"]
[EventCountry "ISL"]
[SourceTitle "CB13_2024"]
[SourceDate "2024.03.27"]
[SourceVersion "1"]
[SourceVersionDate "2024.03.27"]
[SourceQuality "1"]

1. d4 d5 2. Nf3 Nf6 3. c4 c6 4. e3 Bg4 5. h3 Bh5 6. Nc3 e6 7. a3 Nbd7 8. Be2 a5 9. cxd5 exd5 10. 0-0 Bd6 11. Bd2 0-0 12. Rc1 Re8 13. Na4 Qe7 14. Nh4 Bxe2 15. Qxe2 g6 16. Nf3 b5 17. Nc3 Nb6 18. Nb1 Rec8 19. Ne5 Bxe5 20. dxe5 Ne4 21. Bc3 Nxc3 22. Rxc3 Qxe5 23. Rfc1 Qd6 24. Qc2 Nc4 1/2-1/2